000 01039nam1a22002291i 4500
001 rc\4581525
005 20240725235834.0
035 _a(NLR Aleph) 008379405
090 _a9108050
_c9108050
100 _a20130416d1968 |||y0rusy50 ca
101 0 _arus
102 _aRU
105 _ay z |||||
200 1 _aМашина для шпаклевки внутренних стен и плит перекрытий
_eРабочие чертежи
_eТ. 1-
_fОрдена Ленина Главмосстрой при Мосгорисполкоме. Ордена Трудового Красного Знамени домостроит. комбинат № 1. Тушин. завод железобетон. конструкций
210 _aМосква
_cБ. и.
_d1968
215 _d29х42
300 _aОтпеч. множит. аппаратом
712 0 2 _aТушинский завод железобетон. конструкций
801 0 _aRU
_bNLR
_gpsbo
801 1 _aRU
_bELAR
_2rusmarc
852 _aNLR
_j69-10/138
942 _cBOOK